[Event "Titled Tuesday intern op 23rd Jul Late"]
[Site "Chess.com INT"]
[Date "2024.07.23"]
[Round "1"]
[White "Pullela, Sricharan"]
[Black "Meza Astrada, Agustin"]
[Result "1-0"]
[WhiteElo "2061"]
[BlackElo "2065"]
[PlyCount "141"]
[EventDate "2024.07.23"]
[EventType "swiss (blitz)"]
[EventRounds "11"]
[EventCountry "USA"]
[SourceTitle "EXT 2025"]
[Source "ChessBase"]
[SourceDate "2024.10.14"]
[SourceVersion "1"]
[SourceVersionDate "2024.10.14"]
[SourceQuality "1"]

1. d4 Nf6 2. Bg5 d5 3. Bxf6 exf6 4. e3 Bd6 5. g3 c6 6. Bg2 0-0 7. Ne2 Bf5 8. 0-0 Nd7 9. Nd2 Re8 10. c4 dxc4 11. Nxc4 Bc7 12. Nc3 Nb6 13. b3 Nd5 14. Nxd5 cxd5 15. Nb2 Ba5 16. Nd3 Rc8 17. Nc5 Re7 18. Qf3 Be6 19. Rac1 Rec7 20. Qe2 Bb6 21. b4 a5 22. a3 Bxc5 23. bxc5 b6 24. Qb5 bxc5 25. Rxc5 Rxc5 26. dxc5 Qc7 27. Rc1 g6 28. c6 Qd6 29. Qb7 Kg7 30. a4 Qa3 31. Rb1 Qxa4 32. c7 Qc2 33. Ra1 Rxc7 34. Qb6 a4 35. Qa6 Rc4 36. Bf1 Rb4 37. Qa5 Rb1 38. Rxb1 Qxb1 39. Qxa4 Bf5 40. Qa6 Be4 41. h4 Qc1 42. Qe2 Qc3 43. Kh2 h5 44. f3 Bf5 45. Kg2 Be6 46. Kf2 d4 47. exd4 Qxd4+ 48. Qe3 Qb2+ 49. Qe2 Qb6+ 50. Qe3 Qb2+ 51. Kg1 Bf5 52. Bg2 Qb1+ 53. Kh2 Qc2 54. Qf4 Be6 55. Qe3 Qf5 56. Kg1 Qb1+ 57. Kh2 Qc2 58. Qg1 Bc4 59. Kh1 Bd5 60. Qe1 Qd3 61. Qf2 Qd1+ 62. Kh2 Qd3 63. f4 Bxg2 64. Qxg2 Qf5 65. Qf2 Qg4 66. Kg2 Qe6 67. Qf3 Qa2+ 68. Kh3 Qe6+ 69. Kg2 Qa2+ 70. Kh3 Qa3 71. Qxa3 1-0

[Event "Titled Tuesday intern op 09th Jul Late"]
[Site "Chess.com INT"]
[Date "2024.07.09"]
[Round "8"]
[White "Pullela, Sricharan"]
[Black "Kushko, Dmitriy"]
[Result "1/2-1/2"]
[WhiteElo "2061"]
[BlackElo "2444"]
[PlyCount "135"]
[EventDate "2024.07.09"]
[EventType "swiss (blitz)"]
[EventRounds "11"]
[EventCountry "USA"]
[SourceTitle "EXT 2025"]
[Source "ChessBase"]
[SourceDate "2024.10.14"]
[SourceVersion "1"]
[SourceVersionDate "2024.10.14"]
[SourceQuality "1"]

1. d4 f5 2. g3 Nf6 3. Bg2 g6 4. c4 d6 5. Nc3 Bg7 6. Nf3 0-0 7. 0-0 c6 8. b3 Qc7 9. Qc2 e5 10. dxe5 dxe5 11. Ba3 Re8 12. e4 f4 13. Rad1 Bf8 14. Bxf8 Kxf8 15. gxf4 exf4 16. e5 Ng4 17. Qe4 Nxe5 18. Qxf4+ Qf7 19. Qh6+ Qg7 20. Qxg7+ Kxg7 21. Nxe5 Rxe5 22. Rd8 Nd7 23. f4 Re3 24. Ne4 Nb6 25. c5 Bf5 26. Rxa8 Nxa8 27. Nd6 Nc7 28. Nxb7 Ne6 29. Bxc6 Rc3 30. b4 Nd4 31. Bd5 Ne2+ 32. Kf2 Rc2 33. Bb3 Rb2 34. Ke3 Nc3 35. Rc1 Nb5 36. Nd6 Nc7 37. b5 Rxh2 38. b6 Rh3+ 39. Kd4 axb6 40. cxb6 Na6 41. Bc4 Ra3 42. Bxa6 Rxa6 43. Kc5 Ra5+ 44. Kc6 Rxa2 45. b7 Rb2 46. Nb5 Be4+ 47. Kb6 Bxb7 48. Rc7+ Kf6 49. Rxb7 h5 50. Kc5 Rf2 51. Nc3 Kf5 52. Nd5 h4 53. Rh7 Kg4 54. Kd4 h3 55. Ke4 h2 56. Ne3+ Kg3 57. Rh6 Re2 58. Rxg6+ Kf2 59. Rg2+ Ke1 60. Rxh2 Rxh2 61. f5 Rf2 62. Ng4 Re2+ 63. Kf4 Ra2 64. f6 Ra7 65. Kf5 Ke2 66. Ne5 Ke3 67. f7 Rxf7+ 68. Nxf7 1/2-1/2

[Event "Titled Tuesday intern op 09th Jul Late"]
[Site "Chess.com INT"]
[Date "2024.07.09"]
[Round "1"]
[White "Pullela, Sricharan"]
[Black "Santos, Isaque Goncalves"]
[Result "1-0"]
[WhiteElo "2061"]
[BlackElo "1980"]
[PlyCount "103"]
[EventDate "2024.07.09"]
[EventType "swiss (blitz)"]
[EventRounds "11"]
[EventCountry "USA"]
[SourceTitle "EXT 2025"]
[Source "ChessBase"]
[SourceDate "2024.10.14"]
[SourceVersion "1"]
[SourceVersionDate "2024.10.14"]
[SourceQuality "1"]

1. d4 d5 2. c4 e6 3. cxd5 exd5 4. Nc3 Nf6 5. Bg5 c6 6. Qc2 Bb4 7. e3 0-0 8. Bd3 h6 9. Bh4 Re8 10. Nge2 a5 11. 0-0 Be7 12. Bg3 Nbd7 13. Nb5 cxb5 14. Bc7 b4 15. Bxd8 Bxd8 16. Bb5 Rf8 17. Nf4 Nb6 18. Rfc1 Be6 19. Nxe6 fxe6 20. f3 Nc8 21. Qxc8 Rxc8 22. Rxc8 Be7 23. Rxf8+ Kxf8 24. Rc1 Bd6 25. g3 Ke7 26. b3 Kd8 27. Kf2 Bc7 28. h4 Bb6 29. g4 Ng8 30. Ke2 Ne7 31. Kd3 Ng6 32. Rh1 Ke7 33. h5 Nf8 34. e4 Nh7 35. e5 Ng5 36. Rf1 Kd8 37. Ke3 Kc7 38. Bd3 Kd7 39. Bg6 Bd8 40. f4 Nh3 41. Rh1 Nxf4 42. Kxf4 Bg5+ 43. Kg3 b5 44. Rf1 Kc6 45. Rf7 a4 46. Rxg7 axb3 47. axb3 Be3 48. Be8+ Kb6 49. Rg6 Bxd4 50. Rxe6+ Kc7 51. g5 hxg5 52. h6 1-0

[Event "Titled Tuesday intern op 09th Jul Late"]
[Site "Chess.com INT"]
[Date "2024.07.09"]
[Round "2"]
[White "Timmermans, Mark"]
[Black "Pullela, Sricharan"]
[Result "0-1"]
[WhiteElo "2399"]
[BlackElo "2061"]
[PlyCount "80"]
[EventDate "2024.07.09"]
[EventType "swiss (blitz)"]
[EventRounds "11"]
[EventCountry "USA"]
[SourceTitle "EXT 2025"]
[Source "ChessBase"]
[SourceDate "2024.10.14"]
[SourceVersion "1"]
[SourceVersionDate "2024.10.14"]
[SourceQuality "1"]

1. b4 Nf6 2. Bb2 d5 3. e3 e6 4. b5 a6 5. a4 axb5 6. axb5 Rxa1 7. Bxa1 c5 8. c4 Be7 9. Nf3 0-0 10. Be2 Nbd7 11. cxd5 exd5 12. 0-0 Nb6 13. d4 c4 14. Nc3 Bf5 15. Nd2 Qd6 16. Re1 Ra8 17. Bb2 Qb4 18. Qc1 Na4 19. Nxa4 Rxa4 20. e4 Nxe4 21. Nxe4 Bxe4 22. Bc3 Qd6 23. Bd1 Ra8 24. Bc2 Bxc2 25. Qxc2 Bf6 26. h3 g6 27. Qb2 Kg7 28. Ra1 Qd8 29. Rxa8 Qxa8 30. Qb4 Qa2 31. g3 Qc2 32. h4 Qd1+ 33. Kg2 Bxd4 34. b6 Qd3 35. Bxd4+ Qxd4 36. Qd6 Qe4+ 37. Kh2 d4 38. f3 Qe3 39. Qc7 c3 40. Qxb7 c2 0-1

[Event "Titled Tuesday intern op 02nd Jul Late"]
[Site "Chess.com INT"]
[Date "2024.07.02"]
[Round "1"]
[White "Begmuratov, Khumoyun"]
[Black "Pullela, Sricharan"]
[Result "0-1"]
[WhiteElo "2416"]
[BlackElo "2061"]
[PlyCount "96"]
[EventDate "2024.07.02"]
[EventType "swiss (blitz)"]
[EventRounds "11"]
[EventCountry "USA"]
[SourceTitle "EXT 2025"]
[Source "ChessBase"]
[SourceDate "2024.10.14"]
[SourceVersion "1"]
[SourceVersionDate "2024.10.14"]
[SourceQuality "1"]

1. d4 Nf6 2. c4 g6 3. Nf3 Bg7 4. g3 d6 5. Bg2 0-0 6. 0-0 c5 7. Nc3 Nc6 8. d5 Na5 9. b3 a6 10. a4 e5 11. Nd2 Ne8 12. Bb2 f5 13. e3 Rb8 14. f4 e4 15. g4 fxg4 16. Ndxe4 Nf6 17. Ng3 h5 18. e4 h4 19. Nge2 Nh5 20. Qd3 Nxb3 21. Rae1 Nd4 22. Bc1 Nxe2+ 23. Nxe2 b5 24. axb5 axb5 25. e5 Bf5 26. Be4 bxc4 27. Qc2 dxe5 28. Bxf5 Rxf5 29. fxe5 Rxe5 30. Qxg6 Qxd5 31. Qxg4 Rbe8 32. Rd1 Qe6 33. Qxe6+ R5xe6 34. Rd5 Rxe2 35. Rxh5 R8e5 36. Rxh4 R5e4 37. Rh3 Bd4+ 38. Kh1 Rg4 39. Bh6 Rgg2 40. Rf8+ Kh7 41. Be3+ Kg6 42. Rg8+ Bg7 43. Bxc5 Kf7 44. Rd8 Rg5 45. Rf3+ Kg6 46. Be3 Rf5 47. Rg3+ Kf7 48. Rd7+ Ke6 0-1

[Event "Titled Tuesday intern op 02nd Jul Late"]
[Site "Chess.com INT"]
[Date "2024.07.02"]
[Round "7"]
[White "Pullela, Sricharan"]
[Black "Arabidze, Meri"]
[Result "0-1"]
[WhiteElo "2061"]
[BlackElo "2457"]
[PlyCount "46"]
[EventDate "2024.07.02"]
[EventType "swiss (blitz)"]
[EventRounds "11"]
[EventCountry "USA"]
[SourceTitle "EXT 2025"]
[Source "ChessBase"]
[SourceDate "2024.10.14"]
[SourceVersion "1"]
[SourceVersionDate "2024.10.14"]
[SourceQuality "1"]

1. d4 Nf6 2. Bg5 e6 3. e4 h6 4. Bxf6 Qxf6 5. Nc3 Bb4 6. Qd2 b6 7. Nf3 Bb7 8. Bd3 g5 9. a3 Be7 10. h3 Nc6 11. e5 Qg7 12. Be4 0-0-0 13. 0-0-0 f5 14. exf6 Bxf6 15. Ne2 h5 16. Qe3 g4 17. hxg4 hxg4 18. Nd2 Nxd4 19. Bxb7+ Kxb7 20. Nxd4 Bxd4 21. Qe4+ d5 22. Qxe6 Bxb2+ 23. Kb1 Bxa3 0-1

[Event "Titled Tuesday intern op 02nd Jul Late"]
[Site "Chess.com INT"]
[Date "2024.07.02"]
[Round "8"]
[White "Tang, Zoey"]
[Black "Pullela, Sricharan"]
[Result "1-0"]
[WhiteElo "2260"]
[BlackElo "2061"]
[PlyCount "59"]
[EventDate "2024.07.02"]
[EventType "swiss (blitz)"]
[EventRounds "11"]
[EventCountry "USA"]
[SourceTitle "EXT 2025"]
[Source "ChessBase"]
[SourceDate "2024.10.14"]
[SourceVersion "1"]
[SourceVersionDate "2024.10.14"]
[SourceQuality "1"]

1. e4 c5 2. Nf3 Nc6 3. Bb5 e6 4. Bxc6 bxc6 5. 0-0 Qc7 6. b3 e5 7. d3 Nf6 8. Nbd2 Be7 9. Re1 0-0 10. Bb2 d6 11. a3 Ne8 12. Nf1 f5 13. exf5 Bxf5 14. h3 Nf6 15. Ng3 Bd7 16. c3 Nd5 17. d4 cxd4 18. cxd4 exd4 19. Nxd4 Bf6 20. Rc1 Qb7 21. Qc2 c5 22. Nde2 Rab8 23. Bxf6 Rxf6 24. Red1 Ne7 25. Ne4 Rg6 26. Rxd6 Bf5 27. Qc4+ Kh8 28. Rxg6 hxg6 29. Nxc5 Qb6 30. Qh4+ 1-0

[Event "Titled Tuesday intern op 02nd Jul Late"]
[Site "Chess.com INT"]
[Date "2024.07.02"]
[Round "2"]
[White "Timmermans, Mark"]
[Black "Pullela, Sricharan"]
[Result "1-0"]
[WhiteElo "2399"]
[BlackElo "2061"]
[PlyCount "73"]
[EventDate "2024.07.02"]
[EventType "swiss (blitz)"]
[EventRounds "11"]
[EventCountry "USA"]
[SourceTitle "EXT 2025"]
[Source "ChessBase"]
[SourceDate "2024.10.14"]
[SourceVersion "1"]
[SourceVersionDate "2024.10.14"]
[SourceQuality "1"]

1. b4 Nf6 2. Bb2 e6 3. b5 Be7 4. a4 a6 5. c4 axb5 6. axb5 Rxa1 7. Bxa1 c6 8. e3 cxb5 9. cxb5 d5 10. Nf3 Nbd7 11. Be2 Nb6 12. 0-0 0-0 13. Bd4 Nbd7 14. Ne5 Bd6 15. f4 Ne4 16. Nc3 f6 17. Nxd7 Bxd7 18. Nxe4 dxe4 19. Qb3 Kh8 20. Rc1 Qe7 21. g3 e5 22. Bc3 exf4 23. gxf4 Qe8 24. Kh1 Be6 25. Qb1 Bd5 26. Rf1 Qe6 27. Bb4 Rd8 28. Bxd6 Qxd6 29. Qc2 b6 30. Rc1 h6 31. Qc7 Qxc7 32. Rxc7 Rd6 33. Bh5 Kg8 34. Bg6 Kf8 35. Kg1 Re6 36. Rf7+ Kg8 37. Rd7 1-0

[Event "Titled Tuesday intern op 18th Jun Late"]
[Site "Chess.com INT"]
[Date "2024.06.18"]
[Round "6"]
[White "Kokoszczynski, Jan"]
[Black "Pullela, Sricharan"]
[Result "0-1"]
[WhiteElo "2314"]
[BlackElo "2061"]
[PlyCount "88"]
[EventDate "2024.06.18"]
[EventType "swiss (blitz)"]
[EventRounds "11"]
[EventCountry "USA"]
[SourceTitle "EXT 2025"]
[Source "ChessBase"]
[SourceDate "2024.10.14"]
[SourceVersion "1"]
[SourceVersionDate "2024.10.14"]
[SourceQuality "1"]

1. Nf3 Nf6 2. c4 d6 3. d4 g6 4. Nc3 Bg7 5. e4 0-0 6. h3 e5 7. d5 a5 8. Be3 Na6 9. g4 h5 10. g5 Nd7 11. h4 Ndc5 12. Qd2 c6 13. 0-0-0 a4 14. Kb1 Qa5 15. Be2 Bd7 16. Ne1 cxd5 17. cxd5 Rfb8 18. Nd3 Nxd3 19. Bxd3 Nc5 20. f3 b5 21. Rc1 Bf8 22. Rhd1 Nb3 23. Qf2 Nxc1 24. Rxc1 b4 25. Ne2 Bb5 26. Bxb5 Qxb5 27. Rd1 Rc8 28. Nc1 b3 29. Qf1 bxa2+ 30. Nxa2 Qb3 31. Qd3 Rcb8 32. Nc1 Qxd3+ 33. Rxd3 Be7 34. Ka2 f6 35. Ne2 fxg5 36. hxg5 Kf7 37. Rc3 h4 38. Rc7 h3 39. Ng3 Rc8 40. Rb7 Rab8 41. Ra7 Rc2 42. Ka3 Rcxb2 43. Bg1 Rb1 44. Bf2 Ra1# 0-1

[Event "Titled Tuesday intern op 18th Jun Early"]
[Site "Chess.com INT"]
[Date "2024.06.18"]
[Round "1"]
[White "Pullela, Sricharan"]
[Black "De Boer, Eelke"]
[Result "0-1"]
[WhiteElo "2061"]
[BlackElo "2384"]
[PlyCount "46"]
[EventDate "2024.06.18"]
[EventType "swiss (blitz)"]
[EventRounds "11"]
[EventCountry "USA"]
[SourceTitle "EXT 2025"]
[Source "ChessBase"]
[SourceDate "2024.10.14"]
[SourceVersion "1"]
[SourceVersionDate "2024.10.14"]
[SourceQuality "1"]

1. d4 Nf6 2. Bg5 d5 3. Bxf6 gxf6 4. e3 c5 5. c4 e5 6. dxe5 d4 7. exd4 cxd4 8. Nf3 Nc6 9. exf6 Qxf6 10. Bd3 Rg8 11. Kf1 Bg4 12. Nbd2 0-0-0 13. h3 Bh5 14. a3 Ne5 15. Be4 d3 16. Qb3 Nc6 17. g4 Bg6 18. Bxg6 fxg6 19. Kg2 Bg7 20. Rab1 Rgf8 21. Rhd1 Ne5 22. Nxe5 Qxf2+ 23. Kh1 Bxe5 0-1

[Event "Titled Tuesday intern op 18th Jun Late"]
[Site "Chess.com INT"]
[Date "2024.06.18"]
[Round "1"]
[White "Pullela, Sricharan"]
[Black "Doroodgar, Amir Hosein"]
[Result "0-1"]
[WhiteElo "2061"]
[BlackElo "2302"]
[PlyCount "106"]
[EventDate "2024.06.18"]
[EventType "swiss (blitz)"]
[EventRounds "11"]
[EventCountry "USA"]
[SourceTitle "EXT 2025"]
[Source "ChessBase"]
[SourceDate "2024.10.14"]
[SourceVersion "1"]
[SourceVersionDate "2024.10.14"]
[SourceQuality "1"]

1. d4 c5 2. d5 g6 3. c4 Bg7 4. Nc3 d6 5. Nf3 Nf6 6. e4 0-0 7. Bd3 Na6 8. 0-0 Nc7 9. h3 a6 10. a4 Rb8 11. Be3 Bd7 12. a5 b5 13. axb6 Rxb6 14. Qd2 Qb8 15. Na4 Bxa4 16. Rxa4 Rxb2 17. Qc1 Qb3 18. Qd1 Rb8 19. Qxb3 R8xb3 20. Rd1 Nd7 21. Bf1 Rb1 22. Rxb1 Rxb1 23. Nd2 Rb2 24. Ra3 h5 25. Nb3 Bf6 26. Na5 Rb1 27. g3 Ne5 28. Kg2 Nd7 29. Bd3 Rb2 30. Bc1 Rb6 31. Nc6 Ne5 32. Be2 Nxc6 33. dxc6 Rxc6 34. Rb3 Ne6 35. Rb8+ Kg7 36. Bd2 Nd4 37. Bd3 Rc7 38. Ba5 Rd7 39. Ra8 Rb7 40. Rxa6 Rb3 41. Bf1 Ne6 42. Rb6 Ra3 43. Bd2 Ra2 44. Be1 h4 45. Rb1 hxg3 46. Kxg3 Be5+ 47. Kg2 Nf4+ 48. Kg1 g5 49. Rd1 Bd4 50. Bg2 Kf6 51. Bf1 Ke5 52. Bd2 e6 53. Bc1 Rxf2 0-1

[Event "Titled Tuesday intern op 18th Jun Late"]
[Site "Chess.com INT"]
[Date "2024.06.18"]
[Round "8"]
[White "Pullela, Sricharan"]
[Black "Zhizmer, Yuri"]
[Result "0-1"]
[WhiteElo "2061"]
[BlackElo "2287"]
[PlyCount "130"]
[EventDate "2024.06.18"]
[EventType "swiss (blitz)"]
[EventRounds "11"]
[EventCountry "USA"]
[SourceTitle "EXT 2025"]
[Source "ChessBase"]
[SourceDate "2024.10.14"]
[SourceVersion "1"]
[SourceVersionDate "2024.10.14"]
[SourceQuality "1"]

1. d4 d5 2. c4 e6 3. cxd5 exd5 4. Nc3 Nf6 5. Bg5 c5 6. Nf3 Be7 7. e3 0-0 8. dxc5 Bxc5 9. Be2 Nc6 10. Nd4 Nxd4 11. exd4 Be7 12. 0-0 h6 13. Bf4 Be6 14. Qb3 Bd6 15. Be5 Bxe5 16. dxe5 d4 17. Qxb7 Nd7 18. Nb5 Nxe5 19. Qe4 d3 20. Qxe5 dxe2 21. Qxe2 Qb6 22. Nc3 Rac8 23. Rfe1 Rfd8 24. Rad1 Re8 25. Qd2 Qa5 26. a3 Red8 27. Qc2 Rf8 28. h3 Rb8 29. Rd4 Qc5 30. Rd2 Rfc8 31. Qe4 Re8 32. Qe3 Qa5 33. Qg3 Rb3 34. Qe5 Qa6 35. Qd6 Rb6 36. Qc5 Rc8 37. Qd4 Rcb8 38. Ree2 Bc4 39. Re7 Be6 40. Rc7 R6b7 41. Rxb7 Qxb7 42. b4 Rc8 43. b5 Rc4 44. Qe5 Qc8 45. Ne4 Rc1+ 46. Kh2 Qc7 47. Qxc7 Rxc7 48. Nd6 Rc3 49. a4 Ra3 50. Rd4 Ra2 51. Ne4 Bb3 52. Nc5 Bc2 53. Kg3 Bf5 54. Rb4 Rc2 55. Ne4 Bxe4 56. Rxe4 Ra2 57. Rb4 f5 58. f3 Kf7 59. Kh2 g5 60. f4 Kg6 61. fxg5 hxg5 62. h4 f4 63. hxg5 Kxg5 64. Kh3 Ra1 65. Rd4 Rh1# 0-1

[Event "Titled Tuesday intern op 11th Jun Late"]
[Site "Chess.com INT"]
[Date "2024.06.11"]
[Round "3"]
[White "Aliyev, Ravan"]
[Black "Pullela, Sricharan"]
[Result "1-0"]
[WhiteElo "2352"]
[BlackElo "2061"]
[PlyCount "105"]
[EventDate "2024.06.11"]
[EventType "swiss (blitz)"]
[EventRounds "11"]
[EventCountry "USA"]
[SourceTitle "EXT 2025"]
[Source "ChessBase"]
[SourceDate "2024.10.14"]
[SourceVersion "1"]
[SourceVersionDate "2024.10.14"]
[SourceQuality "1"]

1. Nf3 Nf6 2. g3 g6 3. Bg2 Bg7 4. 0-0 d6 5. c4 0-0 6. d4 c5 7. Nc3 Nc6 8. d5 Na5 9. Nd2 a6 10. Qc2 Rb8 11. Rb1 b5 12. b3 Bd7 13. Bb2 Qc7 14. Nd1 e5 15. Bc3 b4 16. Bb2 Nb7 17. e4 Nh5 18. Ne3 Rbe8 19. f4 exf4 20. Bxg7 Nxg7 21. gxf4 f5 22. Rbe1 fxe4 23. Nxe4 Nf5 24. Nxf5 Bxf5 25. Nf6+ Rxf6 26. Rxe8+ Kf7 27. Qe2 Bd3 28. Qxd3 Kxe8 29. Re1+ Kf7 30. Re6 Nd8 31. Re4 Kf8 32. Qe3 Qf7 33. Bh3 h6 34. Kg2 a5 35. Kg3 g5 36. fxg5 hxg5 37. Bg4 Qg6 38. Bd7 Nf7 39. Re8+ Kg7 40. Re7 Qh6 41. Be6 Qh4+ 42. Kg2 Qh5 43. h3 Qh4 44. Bxf7 Rxf7 45. Rxf7+ Kxf7 46. Qe6+ Kg7 47. Qe7+ Kg6 48. Qxd6+ Kh5 49. Qg3 Qd4 50. Qg4+ Kh6 51. Qxd4 cxd4 52. d6 d3 53. d7 1-0

[Event "Titled Tuesday intern op 11th Jun Late"]
[Site "Chess.com INT"]
[Date "2024.06.11"]
[Round "7"]
[White "Pesotskiy, Mikhail"]
[Black "Pullela, Sricharan"]
[Result "1-0"]
[WhiteElo "2137"]
[BlackElo "2061"]
[PlyCount "47"]
[EventDate "2024.06.11"]
[EventType "swiss (blitz)"]
[EventRounds "11"]
[EventCountry "USA"]
[SourceTitle "EXT 2025"]
[Source "ChessBase"]
[SourceDate "2024.10.14"]
[SourceVersion "1"]
[SourceVersionDate "2024.10.14"]
[SourceQuality "1"]

1. d4 Nf6 2. c4 d6 3. Nc3 g6 4. e4 Bg7 5. f3 0-0 6. Be3 e5 7. d5 a5 8. Bd3 Na6 9. Nge2 Nd7 10. g4 Ndc5 11. Bc2 c6 12. Qd2 Bd7 13. dxc6 Bxc6 14. 0-0-0 Qb6 15. Qxd6 Qb4 16. Nd5 Qxc4 17. Nec3 Na4 18. Bxa4 Bxa4 19. Nb6 Qc6 20. Nbxa4 Nb4 21. Qxc6 bxc6 22. a3 Na6 23. Nb6 Rab8 24. Nd7 1-0

[Event "Titled Tuesday intern op 21st May Late"]
[Site "Chess.com INT"]
[Date "2024.05.21"]
[Round "2"]
[White "Pullela, Sricharan"]
[Black "Funderburg, John T"]
[Result "1-0"]
[WhiteElo "2127"]
[BlackElo "2100"]
[PlyCount "65"]
[EventDate "2024.05.21"]
[EventType "swiss (blitz)"]
[EventRounds "11"]
[EventCountry "USA"]
[SourceTitle "CBM 220 Extra"]
[Source "ChessBase"]
[SourceDate "2024.07.31"]
[SourceVersion "1"]
[SourceVersionDate "2024.07.31"]
[SourceQuality "1"]

1. d4 Nf6 2. Bg5 d5 3. Bxf6 gxf6 4. e3 c5 5. dxc5 Nc6 6. c4 d4 7. exd4 Qxd4 8. Nc3 a6 9. Nf3 Qxc5 10. a3 Bg4 11. b4 Bxf3 12. Qxf3 Qe5+ 13. Qe3 Nd4 14. Qxe5 fxe5 15. 0-0-0 e6 16. f3 a5 17. b5 Bxa3+ 18. Kb1 Bb4 19. Ne4 Ke7 20. Bd3 f5 21. Ng3 Rhg8 22. Rhg1 a4 23. Ka2 Bc5 24. Rge1 Kd6 25. Bf1 a3 26. Rb1 b6 27. Rec1 h5 28. Rd1 h4 29. Ne2 Ke7 30. Nc3 Kf6 31. Rd3 h3 32. gxh3 Rg1 33. Rbd1 1-0

[Event "Santa Clara 1000 GM Schev2 03"]
[Site "Santa Clara"]
[Date "2024.03.09"]
[Round "1.2"]
[White "Pullela, Sricharan"]
[Black "Filgueiras, Nathan Felipe"]
[Result "1/2-1/2"]
[WhiteElo "2114"]
[BlackElo "2316"]
[PlyCount "120"]
[EventDate "2024.03.06"]
[EventType "schev"]
[EventRounds "5"]
[EventCountry "USA"]
[SourceTitle "CBM 219 Extra"]
[Source "ChessBase"]
[SourceDate "2024.05.31"]
[SourceVersion "1"]
[SourceVersionDate "2024.05.31"]
[SourceQuality "1"]

1. d4 Nf6 2. Bg5 b6 3. Bxf6 exf6 4. e3 Bb7 5. Nf3 g6 6. c4 Bg7 7. Nc3 f5 8. Bd3 0-0 9. 0-0 d6 10. b4 c5 11. Nd5 Nd7 12. Rb1 cxd4 13. exd4 Nf6 14. Qb3 Nxd5 15. cxd5 Qf6 16. Bb5 Rac8 17. Rbc1 Bh6 18. Rxc8 Rxc8 19. h4 f4 20. Re1 Bf8 21. Bd7 Rc7 22. Bc6 Re7 23. Bxb7 Rxe1+ 24. Nxe1 Qe7 25. Nd3 Qxb7 26. Nxf4 Qe7 27. g3 Qe1+ 28. Kg2 Qe4+ 29. Kf1 Qxd4 30. b5 Bg7 31. a4 Qe4 32. f3 Qd4 33. Ne2 Qc5 34. Qd3 Be5 35. Kg2 Kg7 36. g4 Qb4 37. Qe4 Qe1 38. h5 Qh4 39. hxg6 Qh2+ 40. Kf1 Qh3+ 41. Kf2 hxg6 42. Qc4 Bf6 43. Qe4 Qh4+ 44. Ke3 Qh3 45. Kf2 Qh1 46. Qc4 Bh4+ 47. Ke3 Bg5+ 48. Kf2 Qh2+ 49. Kf1 Qh3+ 50. Kf2 Qh2+ 51. Kf1 Bh4 52. Qd4+ Bf6 53. Qe4 Qh1+ 54. Kf2 Bh4+ 55. Ke3 Qe1 56. Qc4 Bf2+ 57. Ke4 Qb1+ 58. Kf4 f6 59. Qe4 Qb2 60. Qe7+ Kg8 1/2-1/2

[Event "Titled Tuesday intern op 02nd Jan Early"]
[Site "Chess.com INT"]
[Date "2024.01.02"]
[Round "2"]
[White "Fier, Alexandr"]
[Black "Pullela, Sricharan"]
[Result "1-0"]
[WhiteElo "2549"]
[BlackElo "2146"]
[PlyCount "81"]
[EventDate "2024.01.02"]
[EventType "swiss (blitz)"]
[EventRounds "11"]
[EventCountry "USA"]
[SourceTitle "EXT 2025"]
[Source "ChessBase"]
[SourceDate "2024.10.14"]
[SourceVersion "1"]
[SourceVersionDate "2024.10.14"]
[SourceQuality "1"]

1. Nf3 Nf6 2. g3 g6 3. Bg2 Bg7 4. 0-0 d6 5. d4 0-0 6. c4 c5 7. Nc3 Nc6 8. dxc5 dxc5 9. Bf4 Be6 10. Qa4 a6 11. Ng5 Bd7 12. Rad1 h6 13. Nf3 Qb6 14. Nd5 Nxd5 15. cxd5 Ne5 16. Qc2 Nxf3+ 17. Bxf3 g5 18. Be3 Rac8 19. b3 Qd6 20. Bg2 b5 21. f4 g4 22. f5 Qe5 23. Qd2 Qf6 24. Rf4 h5 25. Rf2 c4 26. Bg5 Qe5 27. d6 exd6 28. f6 Bh8 29. Bh4 Be6 30. Qh6 c3 31. Rc1 Rfd8 32. Bg5 Rc5 33. Be3 Rcc8 34. Rc2 d5 35. Bc1 d4 36. Rf4 d3 37. exd3 Rxd3 38. Be4 Rd1+ 39. Kg2 Bd5 40. Qh7+ Kf8 41. Qxh8# 1-0

[Event "Titled Tuesday intern op 02nd Jan Late"]
[Site "Chess.com INT"]
[Date "2024.01.02"]
[Round "1"]
[White "Schmakel, Sam A"]
[Black "Pullela, Sricharan"]
[Result "1-0"]
[WhiteElo "2457"]
[BlackElo "2146"]
[PlyCount "133"]
[EventDate "2024.01.02"]
[EventType "swiss (blitz)"]
[EventRounds "11"]
[EventCountry "USA"]
[SourceTitle "EXT 2025"]
[Source "ChessBase"]
[SourceDate "2024.10.14"]
[SourceVersion "1"]
[SourceVersionDate "2024.10.14"]
[SourceQuality "1"]

1. e4 c5 2. Nf3 Nc6 3. d4 cxd4 4. Nxd4 Nf6 5. Nc3 e5 6. Ndb5 d6 7. Bg5 a6 8. Na3 b5 9. Bxf6 gxf6 10. Nd5 f5 11. c3 Bg7 12. Nxb5 axb5 13. Bxb5 Bb7 14. exf5 0-0 15. Qg4 Kh8 16. Bd3 e4 17. Bxe4 Ne5 18. Qh5 Bxd5 19. Bxd5 Ra5 20. Be4 d5 21. Bc2 Qf6 22. 0-0 Nc4 23. b3 Nd2 24. Rfd1 Ne4 25. c4 Nc3 26. Rd3 d4 27. g4 Ne2+ 28. Kf1 Nf4 29. g5 Nxh5 30. gxf6 Bxf6 31. b4 Raa8 32. Bb3 Nf4 33. Rf3 Be5 34. f6 Ra3 35. Re1 Bb8 36. c5 d3 37. Bxf7 h5 38. Bb3 d2 39. Rd1 Rxf6 40. Rxd2 Be5 41. b5 Ra5 42. a4 Ra7 43. b6 Rg7 44. Rd8+ Kh7 45. Bc2+ Kh6 46. Rh8+ Kg5 47. Rg3+ Kh4 48. Rxg7 Nh3 49. Rg2 Bd4 50. b7 Bxf2 51. b8Q Bg3+ 52. Ke2 Bxb8 53. Rxb8 Nf4+ 54. Kf3 Nxg2+ 55. Kxg2 Rf4 56. Re8 Rg4+ 57. Kf2 Rf4+ 58. Ke3 Rf1 59. Re4+ Kh3 60. c6 Rc1 61. Rc4 h4 62. Bf5+ Kxh2 63. Rxc1 h3 64. c7 Kg3 65. c8Q h2 66. Qg8+ Kh4 67. Qg4# 1-0

[Event "Sunnyvale 1000 GM Thanksgiving IM2"]
[Site "Sunnyvale"]
[Date "2023.11.24"]
[Round "4"]
[White "Pullela, Sricharan"]
[Black "Srinath, Rao SV"]
[Result "1/2-1/2"]
[WhiteElo "2094"]
[BlackElo "2257"]
[PlyCount "51"]
[EventDate "2023.11.22"]
[EventType "schev"]
[EventRounds "9"]
[EventCountry "USA"]
[SourceTitle "CBM 217 Extra"]
[Source "ChessBase"]
[SourceDate "2024.01.31"]
[SourceVersion "1"]
[SourceVersionDate "2024.01.31"]
[SourceQuality "1"]

1. Nf3 Nf6 2. g3 g6 3. Bg2 Bg7 4. 0-0 0-0 5. d3 d5 6. Nbd2 a5 7. c4 a4 8. Rb1 c5 9. b4 axb3 10. Qxb3 Nc6 11. cxd5 Nxd5 12. Bb2 Bxb2 13. Rxb2 Ndb4 14. a3 Na6 15. Nc4 Rb8 16. Qb6 Be6 17. Qxd8 Rfxd8 18. Nfe5 Nxe5 19. Nxe5 f6 20. Nc4 b5 21. Na5 b4 22. axb4 Rxb4 23. Rc2 Ra4 24. Nb7 Rc8 25. Rfc1 c4 26. dxc4 1/2-1/2